| 000 | 00673nam a2200217 a 4500 | ||
|---|---|---|---|
| 005 | 20220606094002.0 | ||
| 008 | 991125s1973 mx 000 0 spa u | ||
| 035 | _aUPN01000003259 | ||
| 049 | _aSEP | ||
| 050 | 4 |
_aND249 P45 _bP3.3 |
|
| 100 | 1 |
_aPaz, Octavio, _d1914-1998 |
|
| 245 | 1 | 0 |
_aAntonio Peláez / _cOctavio Paz. |
| 260 |
_aMéxico : _bINBA, _c1973. |
||
| 300 | _a1 h. pleg. | ||
| 500 | _a"60 Oleos de Antonio Peláez, 24 de octubre de 1973, 19:30 horas" | ||
| 500 | _a"Sala nacional" | ||
| 500 | _a"Palacio de Bellas Artes" | ||
| 600 | 1 | 4 |
_aPELAEZ, ANTONIO, _d1921-1994 - _xCRITICA E INTERPRETACION _923695 |
| 650 | 2 |
_aPintores mexicanos _918893 |
|
| 905 | _aLibro | ||
| 999 |
_c3259 _d3259 |
||